Statistics for Austrian Bundesliga Champions

Click here to take the quiz!

General Stats

  • This quiz has been taken 441 times
  • The average score is 7 of 15

Answer Stats

TitlesLastTeam% Correct
102016Red Bull Salzburg
98%
322008Rapid Wien
97%
242013Austria Wien
95%
32011Sturm Graz
84%
11965LASK Linz
64%
91966SK Admira Wien
63%
102002Wacker Innsbruck
63%
11915Wiener AC
45%
12004Grazer AK
42%
61955First Vienna
27%
11974VÖEST Linz
11%
11918Floridsdorfer AC
10%
11925Hakoah Vienna
6%
11914Wiener AF
4%
31959Wienner SK
0%

Score Distribution

Percentile by Number Answered

Percent of People with Each Score

Your Score History

You have not taken this quiz